<?xml version="1.0" encoding="UTF-8"?>
<record
    xmlns:xsi="http://www.w3.org/2001/XMLSchema-instance"
    xsi:schemaLocation="http://www.loc.gov/MARC21/slim http://www.loc.gov/standards/marcxml/schema/MARC21slim.xsd"
    xmlns="http://www.loc.gov/MARC21/slim">

  <leader>01279    a2200169   4500</leader>
  <controlfield tag="003">Nust</controlfield>
  <controlfield tag="005">20221206101031.0</controlfield>
  <datafield tag="040" ind1=" " ind2=" ">
    <subfield code="c">Nust</subfield>
  </datafield>
  <datafield tag="082" ind1=" " ind2=" ">
    <subfield code="a">621.381542,ZWO</subfield>
  </datafield>
  <datafield tag="100" ind1=" " ind2=" ">
    <subfield code="a">Zworykin, V. K.</subfield>
    <subfield code="9">104185</subfield>
  </datafield>
  <datafield tag="245" ind1=" " ind2=" ">
    <subfield code="a">Photo- Electricity and its application /</subfield>
    <subfield code="c">V. K. Zworykin and E. G. Ramberg</subfield>
  </datafield>
  <datafield tag="260" ind1=" " ind2=" ">
    <subfield code="a">New York</subfield>
    <subfield code="b">Wiley</subfield>
    <subfield code="c">1956</subfield>
  </datafield>
  <datafield tag="300" ind1=" " ind2=" ">
    <subfield code="a">494 p.</subfield>
  </datafield>
  <datafield tag="505" ind1=" " ind2=" ">
    <subfield code="a">Historical Introduction (Page-1), General Theory (Page-10), Photosensitive Surfaces (Page-37), Materials and Apparatus for Making Phototubes (Page-62), General Methods of Preparing Phototubes (Page-85), The Vacuum Phototube (Page-103), The Gas-Filled Phototube (Page-120), The Multiplier Phototube (Page-136), The Image Tube (Page-155), Photoconductive Cells (Page-175), Photovoltaic Cells (Page-196), Photocell Circuits and Amplification (Page-216), The Measurement of Small Photocurrents (Page-250), Photoelectric Measuring Devices (Page-269), Phototubes in Sound Reproduction (Page-323), Phototubes in Picture Transmission (Page-349), Photosensitive Camera Tubes in Television (Page-385), Light Beam Signaling and Infrared Detection (Page-407), Miscellaneous Applications of Photo-Electricity (Page-421), Photocells in the Future (Page-464).</subfield>
  </datafield>
  <datafield tag="650" ind1=" " ind2=" ">
    <subfield code="a">Telecommunication Engineering.</subfield>
  </datafield>
  <datafield tag="942" ind1=" " ind2=" ">
    <subfield code="c">BK</subfield>
    <subfield code="2">ddc</subfield>
  </datafield>
  <datafield tag="999" ind1=" " ind2=" ">
    <subfield code="c">182463</subfield>
    <subfield code="d">182463</subfield>
  </datafield>
  <datafield tag="952" ind1=" " ind2=" ">
    <subfield code="0">0</subfield>
    <subfield code="1">0</subfield>
    <subfield code="2">ddc</subfield>
    <subfield code="4">0</subfield>
    <subfield code="7">0</subfield>
    <subfield code="a">MCS</subfield>
    <subfield code="b">MCS</subfield>
    <subfield code="c">GEN</subfield>
    <subfield code="d">2022-12-06</subfield>
    <subfield code="l">0</subfield>
    <subfield code="o">621.381542,ZWO</subfield>
    <subfield code="p">MCS5784</subfield>
    <subfield code="r">2022-12-06</subfield>
    <subfield code="w">2022-12-06</subfield>
    <subfield code="y">BK</subfield>
    <subfield code="z">Almirah No.34, Shelf No.5</subfield>
  </datafield>
</record>
